¿Quiénes deciden el presupuesto? : (Registro nro. 5816)
[ vista simple ]
| 000 -LEADER | |
|---|---|
| fixed length control field | 01469nam a2200301Ia 4500 |
| 003 - CONTROL NUMBER IDENTIFIER | |
| control field | OSt |
| 005 - DATE AND TIME OF LATEST TRANSACTION | |
| control field | 20200707175323.0 |
| 008 - FIXED-LENGTH DATA ELEMENTS--GENERAL INFORMATION | |
| fixed length control field | 191128t2010 ck ad fr 000 0 spa d |
| 020 ## - INTERNATIONAL STANDARD BOOK NUMBER | |
| International Standard Book Number | 9789588307770 |
| 040 ## - CATALOGING SOURCE | |
| Original cataloging agency | CO-JMCR |
| Transcribing agency | CO-JMCR |
| 041 0# - LANGUAGE CODE | |
| Language code of text/sound track or separate title | spa |
| 082 04 - DEWEY DECIMAL CLASSIFICATION NUMBER | |
| Classification number | 336.39 / |
| Item number | H185q |
| Edition number | 23 |
| 100 1# - MAIN ENTRY--PERSONAL NAME | |
| Personal name | Hallerberg, Mark, |
| Relator term | editor |
| 9 (RLIN) | 6823 |
| 245 11 - TITLE STATEMENT | |
| Title | ¿Quiénes deciden el presupuesto? : |
| Remainder of title | la economía política del proceso presupuestario en América Latina / |
| Statement of responsibility, etc. | Mark Hallerberg, Carlos Scartascini y Ernesto Stein, editores ; traducción al castellano Rafael Suárez ; coordinación editorial María Teresa Barajas S. |
| 250 ## - EDITION STATEMENT | |
| Edition statement | Primera edición |
| 260 ## - PUBLICATION, DISTRIBUTION, ETC. | |
| Place of publication, distribution, etc. | Bogotá : |
| Name of publisher, distributor, etc. | Banco Interamericano de Desarrollo : Mayol, |
| Date of publication, distribution, etc. | ©2010 |
| 300 ## - PHYSICAL DESCRIPTION | |
| Extent | xv, 307 páginas : |
| Other physical details | gráficos a blanco y negro ; |
| Dimensions | 23 cm. |
| 504 ## - BIBLIOGRAPHY, ETC. NOTE | |
| Bibliography, etc. note | Bibliografía: páginas 294-307 |
| 505 0# - FORMATTED CONTENTS NOTE | |
| Formatted contents note | Un nuevo marco de análisis para el estudio del proceso presupuestario / Carlos Scartascini, Ernesto Stein -- ¿Quién toma las desciciones sobre el gasto público? La importancia del proceso informal de determinación del presupuesto en la Argentina |
| 650 14 - SUBJECT ADDED ENTRY--TOPICAL TERM | |
| Topical term or geographic name entry element | Presupuesto público |
| 9 (RLIN) | 4371 |
| 650 14 - SUBJECT ADDED ENTRY--TOPICAL TERM | |
| Topical term or geographic name entry element | Gastos públicos |
| 9 (RLIN) | 6824 |
| 650 14 - SUBJECT ADDED ENTRY--TOPICAL TERM | |
| Topical term or geographic name entry element | Proceso presupuestal |
| 9 (RLIN) | 4372 |
| 700 1# - ADDED ENTRY--PERSONAL NAME | |
| Personal name | Scartascini, Carlos, |
| Relator term | editor |
| 9 (RLIN) | 6825 |
| 700 1# - ADDED ENTRY--PERSONAL NAME | |
| Personal name | Stein, Ernest, |
| Relator term | editor |
| 9 (RLIN) | 6826 |
| 700 1# - ADDED ENTRY--PERSONAL NAME | |
| Personal name | Suárez, Rafael, |
| Relator term | traductor |
| 9 (RLIN) | 6827 |
| 700 1# - ADDED ENTRY--PERSONAL NAME | |
| Personal name | Barajas S., María Teresa, |
| Relator term | coordinadora |
| 9 (RLIN) | 6828 |
| 942 ## - ADDED ENTRY ELEMENTS (KOHA) | |
| Source of classification or shelving scheme | Dewey Decimal Classification |
| Koha item type | Books |
| Withdrawn status | Lost status | Source of classification or shelving scheme | Damaged status | Not for loan | Collection code | Home library | Current library | Date acquired | Source of acquisition | Full call number | Barcode | Date last seen | Copy number | Koha item type |
|---|---|---|---|---|---|---|---|---|---|---|---|---|---|---|
| Dewey Decimal Classification | Non-fiction | Biblioteca Pública José María del Castillo y Rada | Biblioteca Pública José María del Castillo y Rada | 04/15/2018 | Donación | 336.39 / H185q | 430004627 | 05/16/2024 | Ej.1 | Books |